| 000 -LEADER |
| fixed length control field |
00971nmm a2200277 a 4500 |
| 001 - CONTROL NUMBER |
| control field |
ocm000701307 |
| 003 - CONTROL NUMBER IDENTIFIER |
| control field |
TR-IsHL |
| 005 - DATE AND TIME OF LATEST TRANSACTION |
| control field |
20201028135601.0 |
| 008 - FIXED-LENGTH DATA ELEMENTS--GENERAL INFORMATION |
| fixed length control field |
131209s1984 tu tur |
| 007 - PHYSICAL DESCRIPTION FIXED FIELD--GENERAL INFORMATION |
| fixed length control field |
cr cn |
| 035 ## - SYSTEM CONTROL NUMBER |
| System control number |
701307 |
| -- |
(N$T) |
| 050 04 - LIBRARY OF CONGRESS CALL NUMBER |
| Classification number |
KKX3538.A28 |
| Item number |
T65 1984 |
| 090 04 - LOCALLY ASSIGNED LC-TYPE CALL NUMBER (OCLC); LOCAL CALL NUMBER (RLIN) |
| Classification number (OCLC) (R) ; Classification number, CALL (RLIN) (NR) |
KKX3538.A28 |
| Local cutter number (OCLC) ; Book number/undivided call number, CALL (RLIN) |
T65 1984 |
| 245 10 - TITLE STATEMENT |
| Title |
TPKK hakkında 30 sayılı karar |
| Medium |
[electronic resource] / |
| Statement of responsibility, etc. |
İstanbul Ticaret Odası |
| 260 ## - PUBLICATION, DISTRIBUTION, ETC. |
| Place of publication, distribution, etc. |
İstanbul : |
| Name of publisher, distributor, etc. |
İstanbul Ticaret Odası, |
| Date of publication, distribution, etc. |
1984 |
| 300 ## - PHYSICAL DESCRIPTION |
| Extent |
36 p. |
| 650 #4 - SUBJECT ADDED ENTRY--TOPICAL TERM |
| Topical term or geographic name entry element |
Ekonomi ve Finans |
| 650 #4 - SUBJECT ADDED ENTRY--TOPICAL TERM |
| Topical term or geographic name entry element |
Economics and Finance |
| 650 #0 - SUBJECT ADDED ENTRY--TOPICAL TERM |
| Topical term or geographic name entry element |
Para |
| General subdivision |
Türkiye |
| 650 #0 - SUBJECT ADDED ENTRY--TOPICAL TERM |
| Topical term or geographic name entry element |
Money |
| General subdivision |
Turkey |
| 650 #0 - SUBJECT ADDED ENTRY--TOPICAL TERM |
| Topical term or geographic name entry element |
Kambiyo |
| General subdivision |
Hukuk ve mevzuat |
| -- |
Türkiye |
| 650 #0 - SUBJECT ADDED ENTRY--TOPICAL TERM |
| Topical term or geographic name entry element |
Foreign exchange |
| General subdivision |
Law and legislation |
| -- |
Turkey |
| 650 #7 - SUBJECT ADDED ENTRY--TOPICAL TERM |
| Topical term or geographic name entry element |
BUSINESS & ECONOMICS / Money & Monetary Policy |
| Source of heading or term |
bisacsh |
| 700 1# - ADDED ENTRY--PERSONAL NAME |
| Personal name |
İstanbul Ticaret Odası |
| 856 40 - ELECTRONIC LOCATION AND ACCESS |
| Uniform Resource Identifier |
<a href="http://search.ebscohost.com/login.aspx?direct=true&scope=site&db=e011xww&AN=701307">http://search.ebscohost.com/login.aspx?direct=true&scope=site&db=e011xww&AN=701307</a> |